[Event "Capablanca Memorial Elite 50th"]
[Site "Havana"]
[Date "2015.06.15"]
[Round "1"]
[White "Yu, Yangyi"]
[Black "Andreikin, Dmitry"]
[Result "1-0"]
[WhiteElo "2715"]
[BlackElo "2718"]
[Annotator "Havasi,G"]
[PlyCount "157"]
[EventDate "2015.06.15"]
[EventType "tourn"]
[EventRounds "10"]
[EventCountry "CUB"]
[EventCategory "19"]
[SourceTitle "CBM 167"]
[Source "ChessBase"]
[SourceDate "2015.07.13"]
[SourceVersion "1"]
[SourceVersionDate "2015.07.13"]
[SourceQuality "1"]

1. e4 e5 2. Nf3 Nc6 3. Bb5 Nf6 4. d3 Bc5 5. Bxc6 {This is the Chinese line
against the Berlin.} dxc6 6. Nbd2 {White wants Nc4 to win the e5 P.} Be6 (6...
O-O 7. Nc4 Nd7) (6... Nd7 {is another plan}) (6... Bg4 {is a solid equalising
plan.}) 7. O-O (7. Nb3 {was preferred by Caruana} Bd6 8. Na5 Rb8 9. Qe2 O-O 10.
Bd2 c5 11. Nc4 Bxc4 12. dxc4 Nd7 $11 {0-1 (59) Caruana,F (2791)-Aronian,L 
(2815) Dubai UAE 2014}) 7... Nd7 (7... Qd6 {was played by Georgiev} 8. b3 Nd7
9. Ng5 f6 10. Nxe6 Qxe6 11. Nc4 O-O 12. Be3 a5 13. a4 b6 $11 {1/2 (58) Vallejo
Pons,F (2707)-Georgiev,K (2653) Catalonia ESP 2014}) (7... Bd6 8. b3 Nd7 9. Nc4
Bxc4 10. bxc4 O-O $11 {1/2 (36) Adams,M (2758)-Giri,A (2768) Emsdetten GER 2015
}) 8. Nb3 Bb6 (8... Bd6 9. Ng5 Qe7 10. Nxe6 Qxe6 11. Na5 Rb8 12. a4 O-O 13. Nc4
b6 14. Kh1 a5 15. b3 Rbe8 {was more or less fine for black in Anand,V (2785)
-Radjabov,T (2724) Dubai UAE 2014.}) (8... Be7 {would defend Ng5, but} 9. d4 {
is the question} Bf6 10. dxe5 Nxe5 11. Nxe5 Bxe5 12. Qe2 O-O $13 {1/2 (35) Yu
Yangyi (2705)-Ni Hua (2677) Jiangmen CHN 2014}) 9. Ng5 Qf6 $146 {A natural
novelty.} (9... Nf8 10. Qh5 Qd6 11. Kh1 Bxb3 12. axb3 $14 {1-0 (69) Anand,V 
(2793)-Howell,D (2670) London ENG 2014}) ({Yu won a nice game against Kramnik,
who played} 9... Bxb3 10. axb3 f6 11. Nf3 Nf8 12. Nd2 Ne6 13. Qh5+ g6 14. Qd1
Bc5 15. Nc4 b5 16. Na5 Qd7 17. Be3 $14 {1-0 (33) Yu Yangyi (2705)-Kramnik,V 
(2760) Doha QAT 2014}) 10. Kh1 {White wants to play f4 and goes out of the
diagonal.} Bxb3 (10... O-O {was fine} 11. Nxe6 Qxe6 $11) 11. axb3 h6 12. Nf3
O-O 13. Nd2 {White places the N on f4, where it's very active.} Qe6 14. Nc4 a6
{Black releases the tension on the a7 P, so that the a8 R can move.} 15. Bd2 (
15. Qe1 Ba7 16. b4 {is also possible.}) 15... Bd4 $1 {A very good provocative
move.} 16. Rb1 b5 $6 (16... f5 $1 {was even better} 17. exf5 Qxf5 $132) 17. Na5
$6 (17. Ne3 $1 {seems better} Bxe3 $1 18. Bxe3 $14) 17... f5 (17... Bb6 $11 {
is also good.}) 18. exf5 Rxf5 19. Qe2 Raf8 20. f3 Nf6 $6 {The N will not be so
good on the K-side.} (20... Bb6 21. b4 c5 {would be a good idea.}) 21. b4 $1
$14 {Stabilising the P structure.} e4 $5 {A good practical chance, but White
reacts well.} 22. Nb3 $1 (22. fxe4 $2 Nxe4 $19) (22. dxe4 $2 Nxe4 $19) 22...
Bb6 23. Nc5 $1 Bxc5 24. bxc5 Qe8 $1 (24... Rxc5 25. Bb4 $18) 25. dxe4 Nxe4 26.
Rfe1 Nf6 27. Qxe8 (27. Qf2 Qd7 28. Bc3 $14 {is also better.}) 27... Rxe8 28.
Rxe8+ Nxe8 29. b4 $14 Re5 30. Kg1 Re2 31. Rd1 Nf6 32. Kf1 Re8 33. Ra1 Ra8 34.
Ke2 Kf7 {White is better, the question is whether he can make progress.} 35.
Kd3 Rd8+ 36. Ke2 Re8+ 37. Kd3 Rd8+ 38. Ke2 Re8+ 39. Kd1 Ra8 40. c3 Nd5 41. Kc2
h5 (41... Ke6 {was easier, White needs to make a plan}) 42. h4 Ke6 43. Bg5 Kf5
44. Kb3 $14 Nf6 (44... g6 45. c4 $1 bxc4+ 46. Kxc4 $14) 45. Bxf6 {White is
happy to take the N, but there was the simple c4} (45. c4 {is also good.})
45... gxf6 46. g3 Ke6 47. g4 Rh8 48. Re1+ Kf7 49. Rd1 Ke6 50. Rd4 hxg4 51. Rxg4
Rh7 (51... Kf7 $11 {would immediately equalise}) 52. Re4+ Kf7 53. Kc2 f5 54.
Rd4 Kg6 55. Kd3 Re7 {Allows...} (55... Kf6 $11 {it's better to keep h4 under
fire.}) 56. Rd8 f4 $2 (56... Kf6 57. Ra8 Ke5 58. Rxa6 Kf4 59. Rxc6 Kxf3 {
is a better chance.}) 57. Rg8+ (57. Kd4 $1 $16 {getting out of the e3 check}
Re3 58. Rg8+ Kh5 59. Rg7) 57... Kf7 (57... Kf5 $1 58. Rf8+ Ke5 $14) 58. Rc8 Ke6
59. Kd4 Rh7 60. Ke4 Kd7 61. Rf8 Rxh4 62. Rf7+ Kd8 63. Rxf4 {White has won the
f-P, the question is if he can win.} Rh1 (63... Rh7 64. Rf6 Re7+ 65. Kd4 Rd7+
66. Ke3 Re7+ 67. Kd3 (67. Kf2 Rd7) 67... Rd7+ 68. Kc2 Rd5 69. Rxc6 Rf5 70. Rxa6
Kd7 {with chances for equality.}) 64. Ke5 $6 (64. Rg4 $1 Rc1 65. Kd4 $16) 64...
Ke7 $1 65. Re4 (65. Rg4 Rh5+ 66. Ke4 Kf6 $11) 65... Rd1 $2 (65... Rh5+ {
was a chance for equality} 66. Kd4+ Kd7 {with chances for equality.}) 66. Kf5+
Kf7 67. Rd4 $18 {White is winning} Rc1 68. Rd7+ Ke8 69. Rxc7 Rxc3 70. Ke6 Kd8
71. Kd6 Rxf3 72. Kxc6 a5 73. bxa5 b4 74. a6 Ra3 75. Ra7 b3 76. Kd6 Ke8 77. Ra8+
Kf7 78. c6 b2 79. Rb8 1-0

[Event "Dos Hermanas-B"]
[Site "Dos Hermanas"]
[Date "2001.04.25"]
[Round "7"]
[White "Spraggett, Kevin"]
[Black "Korneev, Oleg"]
[Result "1/2-1/2"]
[WhiteElo "2526"]
[BlackElo "2572"]
[Annotator "Hecht,H"]
[PlyCount "120"]
[EventDate "2001.04.19"]
[EventType "tourn"]
[EventRounds "9"]
[EventCountry "ESP"]
[EventCategory "9"]
[SourceTitle "CBM 083"]
[Source "ChessBase"]
[SourceDate "2001.07.05"]
[SourceVersion "1"]
[SourceVersionDate "2001.07.05"]
[SourceQuality "1"]

1. e4 e5 2. Nf3 Nc6 3. Bb5 Nf6 4. d3 Bc5 5. Be3 Bxe3 6. fxe3 d6 7. Nc3 O-O 8.
Ba4 Ne7 9. Qd2 c6 10. Bb3 b5 11. a4 b4 12. Ne2 a5 13. Ng3 Ra7 14. O-O Ng6 15.
h3 d5 16. exd5 cxd5 17. e4 dxe4 18. Nxe4 Nxe4 19. dxe4 Rd7 20. Qe3 Kh8 21. Ng5
Nf4 22. Qc5 f6 23. Rxf4 Rc7 24. Qxa5 exf4 25. Nf3 Qd6 26. Re1 Re7 27. e5 fxe5
28. Rxe5 Bb7 29. Rf5 Rfe8 30. Bd5 g6 31. Rg5 h6 32. Bxb7 hxg5 33. Bd5 Re5 34.
c4 bxc3 35. Nxe5 Qxe5 36. Qxc3 Qxc3 37. bxc3 Kg7 38. c4 Kf6 39. a5 Re1+ 40. Kf2
Ra1 41. Kf3 Rxa5 42. Ke4 {[#] Weiß hat Kompensation infolge der schlechten
schwarzen Bauernstruktur. Taktik!} Ra2 (42... Ke7 43. Ke5 Kd7 44. Kd4 Kd6 45.
Be4 (45. Bf7 g4 46. hxg4 Rg5 47. Bd5 Rxg4 48. c5+ Kc7) 45... g4 46. hxg4 g5 $15
) 43. Kd4 Rd2+ 44. Kc5 Ke5 45. Bf3 Rd8 46. Kb6 Rd2 (46... Kd4 47. c5 Rb8+ 48.
Kc7 $15) 47. Kc5 Rb2 48. Kc6 Kd4 49. Bd5 Rb3 50. Kd6 Re3 51. Kc6 Rg3 52. Kd6 g4
53. hxg4 Rxg4 54. Ke6 g5 55. Kf6 Rg3 56. Kf5 Ke3 (56... Kc5 57. Ke5) 57. Ke5 g4
58. c5 $11 Rxg2 59. Bxg2 f3 60. Bxf3 gxf3 1/2-1/2

[Event "Mondariz zt 1.1"]
[Site "Mondariz"]
[Date "2000.09.03"]
[Round "1"]
[White "Speelman, Jonathan S"]
[Black "Narciso Dublan, Marc"]
[Result "1-0"]
[WhiteElo "2623"]
[BlackElo "2507"]
[Annotator "Hecht,H"]
[PlyCount "111"]
[EventDate "2000.09.03"]
[EventType "swiss"]
[EventRounds "11"]
[EventCountry "ESP"]
[SourceTitle "CBM 079"]
[Source "ChessBase"]
[SourceDate "2000.11.21"]
[SourceVersion "1"]
[SourceVersionDate "2000.11.21"]
[SourceQuality "1"]

1. e4 e5 2. Nf3 Nc6 3. Bb5 Nf6 4. d3 d6 5. c3 Bd7 6. O-O g6 7. a4 Bg7 8. a5 O-O
9. Re1 Ne7 10. Bxd7 Nxd7 11. d4 c6 12. dxe5 Nxe5 13. Nxe5 Bxe5 14. Nd2 Bg7 15.
Nf3 d5 16. Bg5 f6 17. Bd2 dxe4 18. Rxe4 Nf5 19. Qa4 Re8 20. Rb4 Nd6 21. Qb3+
Kh8 22. Rd4 Qe7 23. Re1 Qf8 24. Rd1 f5 25. Bh6 Bxh6 26. Rxd6 Rad8 27. Rxd8 Rxd8
28. Re1 Rd7 29. h4 Re7 30. Rd1 Qe8 31. Qb4 Bg7 32. Qf4 Bf6 33. h5 gxh5 34. Qxf5
Qg6 35. Nh4 Qf7 36. Qf4 Bxh4 37. Qxh4 Qe8 38. Qf6+ Kg8 39. Rd3 Re1+ 40. Kh2 Qf7
41. Rd8+ Re8 42. Qxf7+ Kxf7 43. Rxe8 Kxe8 {[#] Der ideelle Mehrbauer. Weiß
forciert den f-Bauern, indem er zuerst den König zentralisiert und dann den
f-Bauern vorzieht.} 44. Kg3 Kf7 45. Kf4 Kf6 46. g3 b6 47. axb6 axb6 48. Ke4 Ke6
49. f4 b5 50. f5+ Kd6 51. b4 Kd7 52. Ke5 Ke7 53. f6+ Kd7 54. f7 {Logisch war
das Dreiecksmanöver:} (54. Kf4 Kd6 (54... Ke6 55. Kg5 $18) 55. Kf5 Kd7 56. Ke5
$22 $18 {in dieser Form}) (54. Kf5 Kd6 55. Kf4 Kd7 (55... Ke6 56. Kg5 $18) 56.
Ke5 $22 $18 {oder in jener Form}) 54... Ke7 55. f8=Q+ Kxf8 56. Kd6 (56. Kd6 Kf7
57. Kxc6 Ke6 58. Kxb5 Kf5 59. Kc5 (59. c4 Kg4 60. c5 Kxg3 61. c6 h4 62. c7 h3
63. c8=Q h2 64. Qb7 {was mit einem Tempo gewinnt}) 59... Kg4 60. b5 Kxg3 61. b6
h4 62. b7 h3 63. b8=Q+ {oder komfortabler mit zwei Tempi durch Einziehen mit
"Schach"!}) 1-0

[Event "Hyderabad WIPRO"]
[Site "Hyderabad"]
[Date "2000.07.27"]
[Round "12"]
[White "Ramaswamy, Aarthie"]
[Black "Vijayalakshmi, Subbaraman"]
[Result "0-1"]
[WhiteElo "2319"]
[BlackElo "2378"]
[Annotator "Hecht,H"]
[PlyCount "136"]
[EventDate "2000.07.16"]
[EventType "tourn"]
[EventRounds "11"]
[EventCountry "IND"]
[EventCategory "10"]
[SourceTitle "CBM 079"]
[Source "ChessBase"]
[SourceDate "2000.11.21"]
[SourceVersion "1"]
[SourceVersionDate "2000.11.21"]
[SourceQuality "1"]

1. e4 e5 2. Nf3 Nc6 3. Bb5 Bc5 4. c3 Nf6 5. O-O O-O 6. d4 Bb6 7. Bg5 h6 8. Bh4
d6 9. Bxc6 bxc6 10. dxe5 dxe5 11. Qxd8 Rxd8 12. Nxe5 g5 13. Bg3 Nxe4 14. Nxc6
Re8 15. Nd4 Ba6 16. Rd1 h5 17. f3 Be2 18. Re1 Nxg3 19. hxg3 g4 20. Nd2 f5 21.
Kf2 Bd3 22. Re3 Ba6 23. N2b3 Bc4 24. Rae1 Red8 25. Re5 Bxb3 26. axb3 Rxd4 27.
cxd4 Bxd4+ 28. Kf1 Bxe5 29. Rxe5 Rb8 30. Rxf5 Rxb3 31. f4 Rxb2 32. Rxh5 Rc2 33.
Ra5 Kf7 34. Rxa7 Ke6 35. Kg1 Rc3 36. Kh2 Rc5 37. Ra2 Rh5+ 38. Kg1 c5 39. Ra6+
Kd5 40. Rg6 c4 41. Kf2 Rh1 42. Rg8 Ra1 43. Rd8+ Ke4 44. Re8+ Kd3 45. Rd8+ Kc2
46. Rc8 c3 47. Ke3 Kb2 48. Ke4 c2 49. Kf5 c1=Q 50. Rxc1 Rxc1 51. Kxg4 {[#] Von
Turm vs Springer ist weit und breit noch nichts zu sehen.} Kc3 52. Kf5 Kd4 53.
g4 Rc5+ (53... Rg1 54. g5 Rxg2 55. g6 $11) 54. Kf6 Ke4 55. g5 Rc6+ 56. Kf7 Rc7+
57. Kf6 Rc6+ 58. Kf7 Kf5 59. g4+ Kxg4 60. g6 Kf5 61. g7 Rc7+ 62. Kf8 Kf6 63.
g8=N+ {[#] Endlich ist der Springer da, und eine elementare Remisstellung
erreicht.} Ke6 64. Nh6 Rh7 65. Ng8 Rf7+ 66. Ke8 Rxf4 67. Nh6 Rf6 68. Ng8 Rf1 {
[#] Diese Position ist remis, gleich ob sie den eigenen Analysen oder
Tablebase1.0 vertrauen.} 0-1

[Event "CUB-ch"]
[Site "Las Tunas"]
[Date "2001.04.05"]
[Round "5"]
[White "Herrera, Irisberto"]
[Black "De la Paz Perdomo, Frank"]
[Result "0-1"]
[WhiteElo "2432"]
[BlackElo "2437"]
[Annotator "Hecht,H"]
[PlyCount "84"]
[EventDate "2001.04.01"]
[EventType "tourn"]
[EventRounds "16"]
[EventCountry "CUB"]
[EventCategory "9"]
[SourceTitle "CBM 083"]
[Source "ChessBase"]
[SourceDate "2001.07.05"]
[SourceVersion "1"]
[SourceVersionDate "2001.07.05"]
[SourceQuality "1"]

1. e4 e5 2. Nf3 Nc6 3. Bb5 Bc5 4. O-O Nf6 5. Nxe5 Nxe4 6. Qe2 Nxe5 7. Qxe4 Qe7
8. Nc3 Ng6 9. Qxe7+ Bxe7 10. Nd5 c6 11. Nc7+ Kd8 12. Nxa8 cxb5 13. a4 b4 14. d3
b6 15. a5 Bb7 16. axb6 Bxa8 17. Rxa7 Bc6 18. d4 Kc8 19. Be3 Bd8 20. d5 Bxd5 21.
c4 Bc6 22. Rd1 Re8 23. c5 Rxe3 24. fxe3 Be7 25. Rc7+ Kb8 26. Rcxd7 Bxd7 27.
Rxd7 Bxc5 28. Rxf7 Bxe3+ 29. Kf1 Bd4 30. b3 Bf6 31. Ke2 (31. g3 Ne7 32. Ke2 Kb7
33. Kd3 Kxb6 34. Kc4 Nc6 35. Kd5 (35. Rf8 Na5+ 36. Kxb4 $2 Be7+) 35... Na5 36.
h4 Bc3 37. h5 h6 $19 {[%csl Rb3]}) 31... Nf4+ 32. Kf3 Ne6 {[%csl Rb3]} 33. Ra7
(33. Ke2 Nc5 34. h4 Nxb3 35. Kd3 Na5 (35... Nc5+ 36. Kc4 b3 37. Kxc5 b2 38. Kc6
$18) 36. Ra7 Nc6 37. Rc7 Nd4 38. Rc4 b3 39. Rb4 h5 $17 {oder sogar -+}) 33...
Nc5 34. Ke2 Nxb3 35. Kd1 Nd4 36. Ra4 b3 37. Rb4 Kb7 38. g4 g5 39. h3 Be5 40.
Kd2 b2 41. Kd3 Nc6 42. Rb3 Bg7 {Weiß gehen die Züge aus.} (42... Bg7 43. Rb5 (
43. Kc4 Na5+) (43. Kc2 Nd4+) 43... Ne5+ 44. Kc2 Nc4 45. Rb3 h6 46. Rd3 (46. Rf3
b1=Q+ 47. Kxb1 Nd2+) (46. Kb1 Nd2+) (46. Rb4 Na3+ {alles -+}) 46... Kxb6 47.
Kb1 Kc5 $19) 0-1

[Event "Lazne Bohdanec"]
[Site "Lazne Bohdanec"]
[Date "1996.??.??"]
[Round "5"]
[White "Kaminski, Marcin"]
[Black "Keitlinghaus, Ludger"]
[Result "1-0"]
[WhiteElo "2525"]
[BlackElo "2475"]
[Annotator "Hecht,H"]
[PlyCount "91"]
[EventDate "1996.01.??"]
[EventType "tourn"]
[EventRounds "11"]
[EventCountry "CZE"]
[EventCategory "10"]
[SourceTitle "CBM 051"]
[Source "ChessBase"]
[SourceDate "1996.04.01"]
[SourceVersion "1"]
[SourceVersionDate "1996.04.01"]
[SourceQuality "1"]

1. e4 e5 2. Nf3 Nc6 3. Bb5 Nf6 4. d4 Nxd4 5. Nxd4 c6 6. Bc4 exd4 7. Qxd4 Qb6 8.
Qd3 Bb4+ 9. c3 Bc5 10. O-O d5 11. exd5 O-O 12. b4 cxd5 13. Bxd5 Nxd5 14. Qxd5
Be7 15. Be3 Be6 16. Qf3 Qc7 17. Bd4 a5 18. b5 Bc5 19. a4 Rad8 20. Bxc5 Qxc5 21.
Na3 Rd2 22. Qxb7 Qxc3 23. Qc6 Qb3 24. b6 Rc8 25. Qb5 Qxb5 26. Nxb5 Rb8 27. Rfd1
Rxd1+ 28. Rxd1 {TS-TL: schlechte Schwarze Verteidigung führt zu anfälliger
sK-Position, Taktik} Kf8 29. f3 Ke7 30. Rc1 Rxb6 31. Rc7+ Kf6 (31... Kf8 $1 32.
Ra7 Bb3 33. Nc3 (33. Rxa5 Bxa4 34. Ra8+ Ke7 35. Nc3 Bc6 $10) 33... Rc6 $10) 32.
Ra7 Bb3 33. Nc3 Rc6 34. Ne4+ Kg6 35. Rxa5 Rc1+ 36. Kf2 Rc2+ 37. Kg3 f5 38. Ra6+
Kh5 39. Nd6 f4+ 40. Kh3 Be6+ 41. g4+ fxg3+ 42. Kxg3 g6 43. a5 Bd5 44. Ne8 Bc6
45. Nf6+ Kh6 46. Ng4+ (46. Ng4+ Kg5 (46... Kh5 47. Ra7 h6 48. Rh7 $18) 47. h4+
Kh5 48. Ra7 $18) 1-0

[Event "World Women-ch"]
[Site "Shanghai/Vladivostok"]
[Date "2020.01.16"]
[Round "7"]
[White "Ju, Wenjun"]
[Black "Goryachkina, Aleksandra"]
[Result "1/2-1/2"]
[WhiteElo "2584"]
[BlackElo "2578"]
[Annotator "Ju,Wenjun"]
[PlyCount "134"]
[EventDate "2020.01.05"]
[EventType "match"]
[EventRounds "12"]
[EventCountry "CHN"]
[SourceTitle "CBM 195 Extra"]
[Source "ChessBase"]
[SourceDate "2020.05.31"]
[SourceVersion "1"]
[SourceVersionDate "2020.05.31"]
[SourceQuality "1"]

{Dies ist die siebte Partie des Wettkampfes und die erste Partie in
Wladiwostok. Die Partien davor wurden in Shanghai ausgetragen.} 1. e4 e5 2. Nf3
Nc6 3. Bb5 Nf6 4. d3 Bc5 5. Bxc6 dxc6 6. O-O Nd7 7. Be3 $5 {A rare move to
avoid preparation. Ein selten gespielter Zug, um die Vorbereitung zu umgehen.}
Qe7 8. Qe1 O-O 9. Nc3 Re8 10. a3 $5 {To prevent Bb4 and waiting what Black
will do. Verhindert Lb4 und befragt Schwarz, wie er reagieren will.} Bd6 {
[#] [#]} (10... Nf8 11. d4 exd4 12. Nxd4) 11. Nd2 $1 {With the idea to play f4.
White's pawn structure is better than Black's and White keeps a slight
advantage. Die Idee ist f4. Die weiße Bauernstruktur ist besser als die
schwarze. Weiß behält einen leichten Vorteil.} Nf8 12. f4 exf4 13. Bxf4 Ng6
14. Bg3 Be6 15. Nf3 Rad8 16. Kh1 Bg4 17. h3 Bxf3 18. Rxf3 Rd7 19. Rf5 (19. Nd1
$5 {With the idea Ne3.}) 19... b6 20. Ne2 c5 21. b3 Qd8 22. Qf2 Bxg3 23. Qxg3
Qh4 {[#] [#]} 24. Qxh4 {I decided to exchange the queens, because I thought
that White will have some advantage on the kingside in the endgame. Ich
beschloss, die Damen zu tauschen, weil ich dachte, dass Weiß im Endspiel am
Königsflügel einen gewissen Vorteil haben würde.} (24. Qe3 $5 Ne7 25. Rf2
Nc6 26. Raf1 $14) 24... Nxh4 25. Rf2 Ng6 26. Nc3 Ne5 27. g3 a5 {[#] Now Black
has problems to mobilize her queenside. [#] Nach diesem Zug verliert Schwarz
die Möglichkeit, am Damenflügel aktiv zu werden.} 28. a4 (28. g4 {is more
accurate. ist genauer.}) 28... Nc6 (28... Nxd3 $5 {During the game I was
wondering about ... Nxd3. Black gets three pawns for the knight and the
position is unclear. Während der Partie dachte ich über Sxd3 nach, mit drei
Bauern für den Springer. Aber es ist etwas unklar.} 29. cxd3 Rxd3 30. Rc2 Rxg3
31. Rd1 Rxh3+ 32. Kg2 Re3 $44) 29. Kg2 Nb4 30. g4 Re5 {[#] [#]} 31. Nd1 $1 {
The square e3 is the best place for the knight and White will keep pressing on
the kingside. Das Feld e3 ist der beste Platz für den Springer. Weiß hält
den Druck am Königsflügel.} h5 32. Ne3 Nc6 33. Kg3 Nd4 34. Raf1 f6 35. Nd5
Kf7 36. Ne3 Kg8 {[#] [#]} 37. Nf5 $6 {This move leads to a rook endgame and
takes some pressure from Black's position. White should keep the pieces on the
board. Dieser Zug führt zu einem Turmendspiel und nimmt etwas Druck von der
schwarzen Position. Weiß sollte die Figuren auf dem Brett behalten.} (37. h4
$5 hxg4 38. Nxg4 Rh5 (38... Re8 39. h5 $14) 39. Rxf6 $1 Nxc2 40. Rf8+ Kh7 41.
R1f7 $1 Rxd3+ 42. Kf4 Rxh4 43. Kg5 $16) 37... hxg4 38. hxg4 Nxf5+ 39. gxf5 g6
$1 40. fxg6 Rg5+ 41. Kf4 Rxg6 {[#] [#]} 42. Ke3 {White is still better, but
Black can defend. Weiß steht noch etwas besser, aber Schwarz kann sich
verteidigen.} Rf7 43. Kd2 Kf8 44. Kc3 Ke7 45. Kc4 c6 46. Rh1 Rg8 47. Rh6 Ke6
48. Rh5 Rfg7 49. c3 Rg5 50. Rh6 R5g6 51. Rfh2 f5 52. Rxg6+ Rxg6 53. exf5+ Kxf5
54. d4 cxd4 55. cxd4 Rg1 56. Rh6 Rc1+ 57. Kd3 Rd1+ 58. Kc2 Rxd4 59. Rxc6 Rb4
60. Kc3 Ke5 61. Rc4 Rxc4+ 62. Kxc4 Kd6 {Black's king is just in time. Der
schwarze König kommt rechtzeitig zurück.} 63. Kb5 Kc7 64. Ka6 Kc6 65. Ka7 Kc7
66. Ka6 Kc6 67. Ka7 Kc7 1/2-1/2

[Event "POL-ch 58th"]
[Site "Warsaw"]
[Date "2001.03.18"]
[Round "1"]
[White "Jaracz, Pawel"]
[Black "Cyborowski, Lukasz"]
[Result "0-1"]
[WhiteElo "2477"]
[BlackElo "2432"]
[Annotator "Konikowski,J"]
[PlyCount "58"]
[EventDate "2001.03.18"]
[EventType "tourn"]
[EventRounds "13"]
[EventCountry "POL"]
[EventCategory "11"]
[SourceTitle "CBM 082"]
[Source "ChessBase"]
[SourceDate "2001.05.17"]
[SourceVersion "1"]
[SourceVersionDate "2001.05.17"]
[SourceQuality "1"]

1. e4 e5 2. Nf3 Nc6 3. Bb5 Nf6 4. d3 Bc5 5. O-O Nd4 6. Nxd4 Bxd4 7. c3 Bb6 8.
Bg5 h6 9. Bh4 c6 10. Ba4 d6 11. Nd2 g5 $1 12. Bg3 Bg4 13. Qe1 h5 14. h3 h4 $5
$146 {[%mdl 8]} (14... Be6 15. Bb3 h4 16. Bh2 Qd7 (16... Bxb3 $5 17. axb3 g4
$36) 17. Bxe6 Qxe6 18. Nc4 g4 19. hxg4 Qxg4 $2 (19... Nxg4 $142) 20. Nxd6+ Kf8
21. Qd1 Qg5 22. Qf3 h3 23. g3 Rd8 24. Nc4 Ng4 25. Rad1 Rh6 26. Nxb6 axb6 27.
Qe2 c5 28. Kh1 Rg6 29. a3 $14 {Jantzen,H-Nogly,C/MVP 1999/}) 15. Bh2 (15. Bxh4
Bxh3 16. Bxg5 Bxg2 $1 17. Kxg2 Qd7 $19) 15... Be6 16. d4 g4 17. hxg4 (17. d5
Bd7 18. Nc4 gxh3 19. dxc6 (19. Nxd6+ Ke7 20. Nf5+ Bxf5 21. exf5 Qxd5 22. Qxe5+
Qxe5 23. Bxe5 Rhg8 24. Rfe1 Rxg2+ 25. Kh1 Nd7 26. Bg3+ Kf8 27. Bxh4 Bxf2 28.
Bxf2 Rxf2 $19) 19... Ke7 20. Nxb6 axb6 21. cxd7 hxg2 22. Kxg2 Rxa4 $17) 17...
Nxg4 18. d5 Bd7 19. dxc6 bxc6 20. Qe2 (20. Nc4 Qf6 (20... h3 21. Bg3 Qf6 $1)
21. Qe2 Rg8 $17) 20... Nxh2 21. Kxh2 Qg5 22. Nc4 Ke7 23. Qd3 $2 (23. Qd2 $142)
23... Rh6 {[%mdl 8192]} (23... Qg3+ $142 $3 24. Qxg3 (24. fxg3 hxg3+ 25. Kxg3
Rag8+ 26. Kf3 Bg4+ 27. Kg3 Be2#) 24... hxg3+ 25. Kg1 (25. Kxg3 Rag8+ 26. Kf3
Bg4+ 27. Kg3 Be2#) 25... gxf2+ 26. Rxf2 Bxf2+ 27. Kxf2 Rh4 $19) 24. Bd1 $2 (24.
Qd2 $142) 24... Rg8 (24... Qg3+ $5 25. fxg3 hxg3+ 26. Kxg3 Rg8+ 27. Bg4 Bxg4
28. Qxd6+ Rxd6 29. Nxd6 Kxd6 $19) 25. Bf3 h3 26. g3 Bxf2 $1 27. g4 (27. Rxf2
Qxg3+ 28. Kh1 Qxf2 $19) 27... Bxg4 28. Rxf2 Bxf3 29. Qxf3 Qg2+ $3 (29... Qg2+
30. Rxg2 hxg2+ 31. Qh3 Rxh3+ 32. Kxh3 g1=Q 33. Rxg1 Rxg1 $19) 0-1